Statistics for 2018 NHL Playoff Teams

Click here to take the quiz!

General Stats

  • This quiz has been taken 111 times
  • The average score is 15 of 16

Answer Stats

HintAnswer% Correct
Metropolitan DivisionWashington Capitals
99%
Atlantic DivisionBoston Bruins
98%
Pacific DivisionLos Angeles Kings
96%
Central DivisionMinnesota Wild
96%
Metropolitan DivisionPittsburgh Penguins
96%
Pacific DivisionVegas Golden Knights
96%
Pacific DivisionSan Jose Sharks
95%
Central DivisionColorado Avalanche
93%
Metropolitan DivisionColumbus Blue Jackets
93%
Atlantic DivisionTampa Bay Lightning
93%
Pacific DivisionAnaheim Ducks
92%
Central DivisionNashville Predators
92%
Atlantic DivisionToronto Maple Leafs
92%
Metropolitan DivisionPhiladelphia Flyers
91%
Central DivisionWinnipeg Jets
90%
Metropolitan DivisionNew Jersey Devils
88%

Score Distribution

Percentile by Number Answered

Percent of People with Each Score

Your Score History

You have not taken this quiz